|
|
|
|
| LEADER |
01346cas a2200313 4500 |
| 001 |
00020939 |
| 008 |
101027s2001 bg w 000 0 eng d |
| 040 |
|
|
|a BD-DhAAL
|c BD-DhAAL
|d BD-DhAAL
|
| 082 |
0 |
0 |
|a 348.5492/046
|2 21
|
| 130 |
0 |
|
|a DLR
|
| 222 |
|
0 |
|a The Dhaka Law Reports
|
| 245 |
0 |
4 |
|a The Dhaka Law Reports :
|b a monthly law journal /
|c founder editor :Obaidul Haque Chowdhury,chief editor :A Mountaquim Chaudhury, editor :Shahabuddin Ahmed.
|
| 246 |
1 |
7 |
|a The Dhaka Law Reports.
|
| 260 |
|
|
|a Dhaka :
|b Dhaka Law Reports,
|c 2001
|
| 362 |
0 |
|
|a Vol.LIII,2001
|
| 500 |
|
|
|a Index of cases of the appellate division of the supreme court of Bangladesh.
|
| 500 |
|
|
|a "A journal of law reports."
|
| 500 |
|
|
|a Latest issue consulted: Vol.LIII,January to December,2001
|
| 590 |
|
|
|a Published yearly.
|
| 541 |
|
|
|e 00020939
|
| 650 |
|
0 |
|a Law reports, digests, etc.
|z Bangladesh.
|
| 650 |
|
0 |
|a Law reports, digests, etc.
|z India
|z Bengal.
|
| 710 |
1 |
|
|a Chowdhury,Obaidul Haque.
|
| 710 |
1 |
|
|a Chaudhury,A Mountaquim.
|
| 710 |
1 |
|
|a Ahmed,Shahabuddin.
|
| 852 |
4 |
|
|a Ayesha Abed Library
|j General shelf
|
| 942 |
0 |
0 |
|0 3
|
| 999 |
|
|
|c 9960
|d 9960
|
| 952 |
|
|
|0 0
|1 0
|2 ddc
|4 0
|6 348_549204600000000_DHA_2001
|7 0
|9 12934
|a BRACUL
|b BRACUL
|c REF
|d 2010-10-31
|l 28
|o 348.5492046 DHA
|p 3010020939
|r 2019-07-25
|s 2019-07-25
|t 1
|w 2010-10-31
|y 1HOUR
|